000
00299nam a22001217a 4500
008
230622b xxu||||| |||| 00| 0 eng d
082
_a
342
_b
ASGP
100
_c
ASGP
245
_a
Constitutional and Parliamentary Information
_b
ASGP
260
_a
India
_b
ASGP
_c
1993
300
_a
245p
942
_2
ddc
_c
BK
999
_c
2341
_d
2341